000 00296nam a2200121Ia 4500
008 190216s9999||||xx |||||||||||||| ||und||
100 _aJain N K And Kulshreshtha
245 0 _aFundamental Electrical Technology
260 _bUmesh Pub
_c1997
300 _a470p
650 _aPhysics
942 _cBK
999 _c33386
_d33386